00805nam a2200217 a 450000100100000000500170001000800410002702000150006804000250008308200150010810000370012324501110016025000290027126000470030030000340034750000270038170000400040804900090044895201130045799900170057000002291820200930021854.0101122s1996 mx r 000 | spa d a9688564222 aDO-SdBNPbspacBNPHU axxxbL864n1 aLópez y Rivas, Gilberto94711910aNación y pueblos indios en el neoliberalismo /cGilberto López y Rivas; prólogo, Ilán Semo Groman. a2a ed. corr. y aumentada aMéxico D. F. :bPlaza y Valdés,c1996. axxiv, 166 p. :bil. ;c21 cm. aIncluye bibliografía1 aSemo Groman, Ilánbpról.947120 aBNGR 001050718MOaGRbGRcCTd2010-11-22iLF1l0oxxx L864np22918-10r2020-06-25w2020-06-25y1ZNo se presta c22415d22415